Možnosti doredukovania práškov striekaných plynným médiom a jeho prejav na zloženie prášku

Salvato in:
Dettagli Bibliografici
Autore principale: Koštial, Radoslav, 1984- (Autore)
Altri autori: Pokusa, Anton, 1940- (Relatore della tesi)
Natura: Manoscritto Libro
Lingua:slovacco
Pubblicazione: STU v Bratislave MTF UVTE KZl, 2010
Soggetti:
Accesso online:VAIS
Tags: Aggiungi Tag
Nessun Tag, puoi essere il primo ad aggiungerne!!

MARC

LEADER 00000ntm a22000003a 4500
001 stu206205
005 20160719160200.1
008 100702s2010------------------------slo-d
040 |a STU  |b slo 
041 0 |a slo 
100 1 |a Koštial, Radoslav,  |d 1984-  |4 aut  |X 33921  |7 A000033921 
242 0 0 |a The possible methods of the second reduction of powders sprayed with a gaseous medium and its effect on the structure of powder.  |y eng 
245 1 |a Možnosti doredukovania práškov striekaných plynným médiom a jeho prejav na zloženie prášku 
260 |b STU v Bratislave MTF UVTE KZl,  |c 2010 
650 7 |a redukcia  |2 stusub 
650 7 |a pece  |2 stusub 
650 7 |a reduction  |2 estusub 
700 1 |a Pokusa, Anton,  |d 1940-  |4 ths  |u M230  |U MTF Ústav výrobných technológií  |T MTF Katedra zlievarenstva  |X 282  |U M230  |Y M230  |7 A000000282 
856 4 |a info a plný text  |u http://is.stuba.sk/zp/portal_zp.pl?podrobnosti=58449  |3 VAIS 
996 |c M*DP-8992  |l MMSKP  |s P  |a 0  |w stu206205_0001